000 00507cam a22002054a 4500
005 20250605164246.0
008 250528s ||||||||||||||||||||||||d
035 _a21532
020 _a9780133987775
040 _aGR-AtMCL
_bgre
_dGR-AtMCL
_eAACR2
245 1 _aTHE ESSENCE OF STATISTICS FOR BUSINESS
250 _a2
260 _bPrentice Hall,
_c1996
300 _a270
700 1 _aFleming Michael C
_93230
700 1 _aNellis Joseph G
_93231
942 _cBK
999 _c6594
_d6594